[Event "Grozny Kadyrov Memorial rapid"]
[Site "Grozny"]
[Date "2019.06.09"]
[Round "2"]
[White "Abaev, Zaindi"]
[Black "Eraschenkov, Denis"]
[Result "0-1"]
[WhiteElo "1920"]
[BlackElo "2379"]
[PlyCount "72"]
[EventDate "2019.06.09"]
[EventType "swiss (rapid)"]
[EventRounds "11"]
[EventCountry "RUS"]
[SourceTitle "CBM 190 Extra"]
[Source "ChessBase"]
[SourceDate "2019.07.15"]
[SourceVersion "1"]
[SourceVersionDate "2019.07.15"]
[SourceQuality "1"]

1. Nf3 Nf6 2. g3 c5 3. d4 e6 4. Bg2 Nc6 5. Bg5 cxd4 6. Nxd4 Bc5 7. Nxc6 bxc6 8. 0-0 0-0 9. Nc3 d5 10. e4 Be7 11. f4 Ba6 12. Re1 Qb6+ 13. Kh1 Qxb2 14. Na4 Qa3 15. e5 Qxa4 16. exf6 gxf6 17. Bh6 Kh8 18. Bxf8 Rxf8 19. Bf1 Bxf1 20. Rxf1 f5 21. c3 Qe4+ 22. Qf3 Bf6 23. Rae1 Qc4 24. Qf2 c5 25. Rb1 Bxc3 26. Rb7 Qe4+ 27. Qf3 a5 28. Kg2 c4 29. Qxe4 fxe4 30. f5 e3 31. Kf3 d4 32. Rc7 e5 33. Rxc4 e4+ 34. Ke2 Rb8 35. f6 Rb2+ 36. Kd1 e2+ 0-1